LEADER 03677oas 2201429 a 450 001 9910307941203321 005 20251106213014.0 011 $a2191-1649 035 $a(DE-599)ZDB2606470-4 035 $a(OCoLC)816168474 035 $a(CONSER) 2019204720 035 $a(CKB)3400000000000218 035 $a(EXLCZ)993400000000000218 100 $a20111216a20119999 uy a 101 0 $aeng 135 $aur|n||||||||| 181 $ctxt$2rdacontent 182 $cc$2rdamedia 183 $acr$2rdacarrier 200 00$aBioNanoScience 210 $aNew York, N.Y. $cSpringer Science+Business Media, LLC.$d2011- 215 $a1 online resource 311 08$a2191-1630 531 0 $aBioNanoScience 606 $aBiotechnology$vPeriodicals 606 $aNanotechnology$vPeriodicals 606 $aMolecular biology$vPeriodicals 606 $aMolecular structure$vPeriodicals 606 $aNanotechnology 606 $aEngineering 606 $aBiotechnology 606 $aNanotechnology 606 $aMolecular Biology 606 $aEngineering 606 $aBiotechnologie$vPe?riodiques 606 $aBiologie mole?culaire$vPe?riodiques 606 $aStructure mole?culaire$vPe?riodiques 606 $aBiotechnologie 606 $aNanotechnologie 606 $aInge?nierie 606 $aNanotechnologie$vPe?riodiques 606 $abioengineering$2aat 606 $aengineering$2aat 606 $aEngineering$2fast 606 $aBiotechnology$2fast 606 $aMolecular biology$2fast 606 $aMolecular structure$2fast 606 $aNanotechnology$2fast 606 $aBiotecnologia$2thub 606 $aNanotecnologia$2thub 606 $aNanociència$2thub 606 $aBiologia molecular$2thub 608 $aPeriodical. 608 $aperiodicals.$2aat 608 $aPeriodicals$2fast 608 $aPeriodicals.$2lcgft 608 $aPe?riodiques.$2rvmgf 608 $aRevistes electròniques.$2thub 615 0$aBiotechnology 615 0$aNanotechnology 615 0$aMolecular biology 615 0$aMolecular structure 615 0$aNanotechnology. 615 0$aEngineering. 615 12$aBiotechnology. 615 22$aNanotechnology. 615 22$aMolecular Biology. 615 22$aEngineering. 615 6$aBiotechnologie 615 6$aBiologie mole?culaire 615 6$aStructure mole?culaire 615 6$aBiotechnologie. 615 6$aNanotechnologie. 615 6$aInge?nierie. 615 6$aNanotechnologie 615 7$abioengineering. 615 7$aengineering. 615 7$aEngineering 615 7$aBiotechnology 615 7$aMolecular biology 615 7$aMolecular structure 615 7$aNanotechnology 615 7$aBiotecnologia. 615 7$aNanotecnologia. 615 7$aNanociència. 615 7$aBiologia molecular. 676 $a660 712 02$aSpringer-Verlag. 801 0$bAUD 801 1$bAUD 801 2$bOCLCO 801 2$bOCLCQ 801 2$bOCLCF 801 2$bOCLCO 801 2$bOCLCQ 801 2$bUAB 801 2$bOCLCQ 801 2$bJ9U 801 2$bDHA 801 2$bSTF 801 2$bVT2 801 2$bZ5A 801 2$bVYL 801 2$bU3W 801 2$bOCLCO 801 2$bDLC 801 2$bWURST 801 2$bOCLCA 801 2$bCUS 801 2$bOCLCO 801 2$bOCL 801 2$bOCLCO 801 2$bSFB 801 2$bOCLCL 801 2$bUKBTH 801 2$bADU 801 2$bOCLCO 801 2$bOCLCQ 906 $aJOURNAL 912 $a9910307941203321 996 $aBioNanoScience$92008081 997 $aUNINA